| 000 | 00490pab a2200169 454500 | ||
|---|---|---|---|
| 008 | 180718b2005 xxu||||| |||| 00| 0 eng d | ||
| 100 | _aTrivikram, K. | ||
| 245 | _aIndia post: from tradition to transition - a post-liberalisation scenario | ||
| 260 | _c2005 | ||
| 300 | _ap.1-29. | ||
| 362 | _aJan-Mar and Apr-Jun | ||
| 650 | _aPostal services - India | ||
| 650 | _aPostal services | ||
| 700 | _aMishra, R.K. | ||
| 773 | _aJournal of Institute of Public Enterprises | ||
| 909 | _a66850 | ||
| 999 |
_c66850 _d66850 |
||